Общественное здоровье и здравоохранение. В 2-х томах. Том 2 Учебное пособие для студентов медицинских колледжей и факультетов высшего сестринского образования медицинских вузов Т. 2 Общественное здоровье и здравоохранение. В 2-х томах. Том 2 : Учебное пособие для студентов медицинских колледжей и факультетов высшего сестринского образования медицинских вузов
Содержание учебного материала соответствует государственному образовательному стандарту и типовым программам для студентов медицинских колледжей и факультетов высшего сестринского образования медицинских вузов. Содержит основные положения, необходимые для обучения дисциплине, отличается логичностью...
Сохранить в:
| Формат: | Книга |
|---|---|
| Язык: | Russian |
| Опубликовано: |
Ставрополь
СтГМУ
2020
|
| Online-ссылка: | https://e.lanbook.com/book/195056 https://e.lanbook.com/img/cover/book/195056.jpg |
| Метки: |
Добавить метку
Нет меток, Требуется 1-ая метка записи!
|
| LEADER | 02640nam0a2200241 i 4500 | ||
|---|---|---|---|
| 001 | 195056 | ||
| 003 | RuSpLAN | ||
| 005 | 20221220174140.0 | ||
| 008 | 221220s2020 ru gs 000 0 rus | ||
| 040 | |a RuSpLAN | ||
| 041 | 0 | |a rus | |
| 044 | |a ru | ||
| 080 | |a 614.2(075) | ||
| 084 | |a 51.1(2Рос) |2 rubbk | ||
| 245 | 1 | |a Общественное здоровье и здравоохранение. В 2-х томах. Том 2 |b Учебное пособие для студентов медицинских колледжей и факультетов высшего сестринского образования медицинских вузов |n Т. 2 |p Общественное здоровье и здравоохранение. В 2-х томах. Том 2 : Учебное пособие для студентов медицинских колледжей и факультетов высшего сестринского образования медицинских вузов | |
| 260 | |a Ставрополь |b СтГМУ |c 2020 | ||
| 300 | |a 224 с. | ||
| 504 | |a Библиогр.: доступна в карточке книги, на сайте ЭБС Лань | ||
| 520 | 8 | |a Содержание учебного материала соответствует государственному образовательному стандарту и типовым программам для студентов медицинских колледжей и факультетов высшего сестринского образования медицинских вузов. Содержит основные положения, необходимые для обучения дисциплине, отличается логичностью и последовательностью изложения материала. При составлении учебного пособия использованы новейшие приказы, постановления и другие нормативные акты, регламентирующие работу среднего медицинского персонала и деятельность медицинских организаций. Для студентов медицинских колледжей и факультетов высшего сестринского образования медицинских вузов. | |
| 521 | 8 | |a Книга из коллекции СтГМУ - Медицина | |
| 856 | 4 | |u https://e.lanbook.com/book/195056 | |
| 856 | 4 | 8 | |u https://e.lanbook.com/img/cover/book/195056.jpg |
| 953 | |a https://e.lanbook.com/img/cover/book/195056.jpg | ||